Previously-developed land that may be available for development (Record no. 108669)
[ view plain ]
| 000 -LEADER | |
|---|---|
| fixed length control field | 01913cad a22002175a 4500 |
| 001 - CONTROL NUMBER | |
| control field | L145009 |
| 008 - FIXED-LENGTH DATA ELEMENTS--GENERAL INFORMATION | |
| fixed length control field | 080901e20080829xxkad f s f000 0 eng d |
| 035 ## - SYSTEM CONTROL NUMBER | |
| System control number | (Sirsi) u145009 |
| 041 0# - LANGUAGE CODE | |
| Language code of text/sound track or separate title | eng |
| 050 04 - LIBRARY OF CONGRESS CALL NUMBER | |
| Classification number | 333.73 $2 18 |
| 110 2# - MAIN ENTRY--CORPORATE NAME | |
| Corporate name or jurisdiction name as entry element | United Kingdom |
| Subordinate unit | Department for Communities and Local Government |
| 9 (RLIN) | 4939 |
| 245 00 - TITLE STATEMENT | |
| Title | Previously-developed land that may be available for development |
| Remainder of title | England 2007 |
| Medium | [electronic resource] |
| 260 ## - PUBLICATION, DISTRIBUTION, ETC. | |
| Place of publication, distribution, etc. | London |
| Name of publisher, distributor, etc. | DCLG |
| Date of publication, distribution, etc. | 2008 |
| 505 2# - FORMATTED CONTENTS NOTE | |
| Formatted contents note | Previously-developed land that is unused or may be available for redevelopment in 2007 -- Trends 2002 to 2007 -- Ownership - local authority, other public sector or private -- Location in an urban settlement, urban fringe or rural area -- Flows between 2006 and 2007 -- Planning status, suitability for housing, housing capacity and density, by region -- Annex tables: district authorities and national parks making returns by region; raw totals from 2007 returns as percentage of final estimates by land type and region; percentage of final estimates from 2006/05/04/03 returns by land type and region; contribution from grossing for incomplete assessments as a percentage of final estimates by land type and region; imputed values as a percentage of final estimates by land type and region |
| 520 ## - SUMMARY, ETC. | |
| Summary, etc. | Sets out details of brownfield land that is known to be suitable for development. In 2007, an estimated 62 130 hectares were available, down 1% from the 2006 figures. Of this, 33 600 hectares were vacant or derelict (54%) with the remaining proportion in use, but with the potential for redevelopment. |
| 521 ## - TARGET AUDIENCE NOTE | |
| Target audience note | Advanced |
| 651 #4 - SUBJECT ADDED ENTRY--GEOGRAPHIC NAME | |
| Geographic name | England and Wales |
| Chronological subdivision | 1543- |
| 690 ## - LOCAL SUBJECT ADDED ENTRY--TOPICAL TERM (OCLC, RLIN) | |
| Topical term or geographic name as entry element | PROPERTY-PROPERTY DEVELOPMENT-SUSTAINABLE PROPERTY DEVELOPMENT |
| 856 40 - ELECTRONIC LOCATION AND ACCESS | |
| Uniform Resource Identifier | <a href="https://www.communities.gov.uk/publications/corporate/statistics/previouslydevelopedland2007">https://www.communities.gov.uk/publications/corporate/statistics/previouslydevelopedland2007</a> |
| Public note | View the item free of charge online at www.communities.gov.uk... |
| 942 ## - ADDED ENTRY ELEMENTS (KOHA) | |
| Suppress in OPAC | 0 |
| Withdrawn status | Lost status | Source of classification or shelving scheme | Damaged status | Not for loan | Home library | Current library | Shelving location | Date acquired | Total Checkouts | Full call number | Barcode | Date last seen | Copy number | Price effective from | Koha item type |
|---|---|---|---|---|---|---|---|---|---|---|---|---|---|---|---|
| Dewey Decimal Classification | Virtual | Virtual | Online | 01/09/2008 | ONLINE PUBLICATION | 145009-1001 | 06/08/2019 | 1 | 06/08/2019 | Book |